LEADER 01331nam--2200409---450- 001 990000787500203316 005 20160429110234.0 010 $a88-238-0725-5 035 $a0078750 035 $aUSA010078750 035 $a(ALEPH)000078750USA01 035 $a0078750 100 $a20011204d2001----km-y0itay0103----ba 101 $aita 102 $aIT 105 $ay|||n|||001yy 200 1 $aEconomia della virtualità$fa cura Salvatore Vicari 210 $aMilano$cEgea$d2001 215 $a228 p.$d24 cm 225 2 $aBiblioteca dell'economia d'azienda$iEconomia e gestione d'impresa 410 0 $12001$aBiblioteca dell'economia d'azienda$iEconomia e gestione d'impresa 606 $aInternet $xAspetti economici 676 $a384.33 702 1$aVICARI,$bSalvatore 801 0$aIT$bsalbc$gISBD 912 $a990000787500203316 951 $a348.33 ECO 1 (IRA 15 130)$b31797 G.$c348.33 ECO (IRA)$d00078914 959 $aBK 969 $aECO 979 $aALESSANDRA$b90$c20011204$lUSA01$h1650 979 $c20020403$lUSA01$h1725 979 $aPATRY$b90$c20040406$lUSA01$h1654 979 $aRSIAV1$b90$c20081218$lUSA01$h1116 979 $aANNASEN$b90$c20160429$lUSA01$h1101 979 $aANNASEN$b90$c20160429$lUSA01$h1102 996 $aEconomia della virtualità$965238 997 $aUNISA LEADER 01365nam2-2200397---450 001 990005989880203316 005 20240527120746.0 010 $a9788814186448 035 $a000598988 035 $aUSA01000598988 035 $a(ALEPH)000598988USA01 035 $a000598988 100 $a20131104d2014----km-y0enga50------ba 101 $aita 102 $aIT 105 $a||||||||001yy 200 1 $a<> Edilizia e urbanistica, procedura civile, procedure di espropriazione delegate, procedure concorsuali$fGaetano Petrelli 205 $a2. ed. riveduta e ampliata 210 $aMilano$cGiuffrè$d2014 215 $aXVI, 1181-2241 p.$d25 cm$e1 Cd-Rom 410 0$12001 454 1$12001 461 1$1001990001402610203316$12001$aFormulario notarile commentato 606 0 $aNotariato$xLegislazione$xFormulari$2BNCF 676 $a347.45016 700 1$aPETRELLI,$bGaetano$0235082 801 0$aIT$bsalbc$gISBD 912 $a990005989880203316 951 $aXXV.1.C. 228 1 2$b81463/2 G.$cXXV.1.C. 228 1/$d359995 959 $aBK 969 $aGIU 979 $aFIORELLA$b90$c20141211$lUSA01$h1156 979 $aFIORELLA$b90$c20141211$lUSA01$h1216 979 $aFIORELLA$b90$c20141211$lUSA01$h1219 996 $aEdilizia e urbanistica, procedura civile, procedure di espropriazione delegate, procedure concorsuali$91078180 997 $aUNISA